Izraeli mezőgazdasági módszereket honosítanának a Homokhátságon

Elmentve itt :
Bibliográfiai részletek
Szerző: Illés Attila
Dokumentumtípus: Cikk
Megjelent: 2015-03-12
Sorozat:SzegedMa.hu
Kulcsszavak:Lednitzky András, Együttműködés, Izrael, Együttműködés, gazdasági, kutatás-fejlesztési, Nemzetközi kapcsolatok, Szegedi Tudományegyetem, Mezőgazdasági Kar
Online Access:http://univ.bibl.u-szeged.hu/44129
LEADER 00753nab a2200169 i 4500
001 univ44129
005 20180314100111.0
008 171214s2015 hu o 0|| zxx d
040 |a SZTE UnivHistória Repozitórium  |b hun 
041 |a zxx 
100 1 |a Illés Attila 
245 1 0 |a Izraeli mezőgazdasági módszereket honosítanának a Homokhátságon  |h [elektronikus dokumentum] /  |c  Illés Attila 
260 |c 2015-03-12 
490 0 |a SzegedMa.hu 
561 |a Egyetemi hirarchívum 
695 |a Lednitzky András, Együttműködés, Izrael, Együttműködés, gazdasági, kutatás-fejlesztési, Nemzetközi kapcsolatok, Szegedi Tudományegyetem, Mezőgazdasági Kar 
856 4 0 |u http://univ.bibl.u-szeged.hu/44129/1/szegedma_2015_03_12_izraeli.pdf  |z Dokumentum-elérés